000 01079nam0a22002771 4500
001 rc\4514100
005 20250611185956.0
035 _a(NLR Aleph) 008348231
090 _a8920714
_c8920714
100 _a20130416d1966 |||y0rusy50 ca
101 0 _arus
102 _aRU
105 _aa z |||||
200 1 _aУсловия устойчивости фазового движения сгустка в накопителях релятивистских частиц
_fИн-т ядерной физики Сиб. отд-ния АН СССР
210 _aНовосибирск
_cБ. и.
_d1966
215 _a[2], 23 с.
_cил.
_d21
300 _aПеред загл. авт.: М.М. Карлинер, А. Скринский, И.А. Шехтман
300 _aОтпеч. множит. аппаратом
700 1 _aКарлинер
_bМ.М.
_gМарлен Моисеевич
701 1 _aСкринский
_bА.
701 1 _aШехтман
_bИ.А.
801 0 _aRU
_bNLR
_gpsbo
801 1 _aRU
_bELAR
_2rusmarc
852 _aNLR
_j67-4/6413
942 _cBOOK
980 _aNB